<?xml version="1.0" encoding="UTF-8"?>
<record
    xmlns:xsi="http://www.w3.org/2001/XMLSchema-instance"
    xsi:schemaLocation="http://www.loc.gov/MARC21/slim http://www.loc.gov/standards/marcxml/schema/MARC21slim.xsd"
    xmlns="http://www.loc.gov/MARC21/slim">

  <leader>00593nam a22001337a 4500</leader>
  <datafield tag="040" ind1=" " ind2=" ">
    <subfield code="c">RUA</subfield>
  </datafield>
  <datafield tag="082" ind1=" " ind2=" ">
    <subfield code="a">AGR MIL 2015 B556 Or.1</subfield>
  </datafield>
  <datafield tag="100" ind1=" " ind2=" ">
    <subfield code="a">MIL NAMOL; &#x1798;&#x17C9;&#x17B9;&#x179B; &#x178E;&#x17B6;&#x1798;&#x17C9;&#x179B;&#x17CB;</subfield>
  </datafield>
  <datafield tag="245" ind1=" " ind2=" ">
    <subfield code="a">Comparison of different rates of scaro fertilizer on lettuce at leaf green farm; &#x1780;&#x17B6;&#x179A;&#x1794;&#x17D2;&#x179A;&#x17C0;&#x1794;&#x1792;&#x17C0;&#x1794;&#x1787;&#x17B8;&#x179F;&#x17D2;&#x1780;&#x17B6;&#x179A;&#x17C9;&#x17BC;&#x1780;&#x1798;&#x17D2;&#x179A;&#x17B7;&#x178F;&#x1781;&#x17BB;&#x179F;&#x1782;&#x17D2;&#x1793;&#x17B6;&#x1791;&#x17C5;&#x179B;&#x17BE;&#x178A;&#x17C6;&#x178E;&#x17B6;&#x17C6;&#x179F;&#x17B6;&#x179B;&#x17B6;&#x178A;&#x1793;&#x17C5;&#x1780;&#x179F;&#x17B7;&#x178A;&#x17D2;&#x178B;&#x17B6;&#x1793; &#x179F;&#x17D2;&#x179B;&#x17B9;&#x1780;&#x1794;&#x17C3;&#x178F;&#x1784;</subfield>
  </datafield>
  <datafield tag="260" ind1=" " ind2=" ">
    <subfield code="a">Phnom Penh</subfield>
    <subfield code="b">RUA</subfield>
    <subfield code="c">2015</subfield>
  </datafield>
  <datafield tag="300" ind1=" " ind2=" ">
    <subfield code="a">xi; 58p;</subfield>
    <subfield code="b">ill;</subfield>
    <subfield code="c">29cm;</subfield>
  </datafield>
  <datafield tag="856" ind1=" " ind2=" ">
    <subfield code="u"> MIL NAMOL</subfield>
  </datafield>
  <datafield tag="942" ind1=" " ind2=" ">
    <subfield code="c">AGR</subfield>
  </datafield>
  <datafield tag="999" ind1=" " ind2=" ">
    <subfield code="c">11588</subfield>
    <subfield code="d">11588</subfield>
  </datafield>
  <datafield tag="952" ind1=" " ind2=" ">
    <subfield code="0">0</subfield>
    <subfield code="1">0</subfield>
    <subfield code="2">ddc</subfield>
    <subfield code="4">0</subfield>
    <subfield code="6">AGR_MIL_2015_000000000000000_B556_OR_1</subfield>
    <subfield code="7">0</subfield>
    <subfield code="9">59635</subfield>
    <subfield code="a">LBB</subfield>
    <subfield code="b">LBB</subfield>
    <subfield code="c">B556</subfield>
    <subfield code="d">2017-08-03</subfield>
    <subfield code="o">AGR MIL 2015 B556 Or.1</subfield>
    <subfield code="p">A13102</subfield>
    <subfield code="r">2017-08-03</subfield>
    <subfield code="w">2017-08-03</subfield>
    <subfield code="y">AGR</subfield>
  </datafield>
  <datafield tag="952" ind1=" " ind2=" ">
    <subfield code="0">0</subfield>
    <subfield code="1">0</subfield>
    <subfield code="2">ddc</subfield>
    <subfield code="4">0</subfield>
    <subfield code="6">AGR_MIL_2015_000000000000000_B556_OR_2</subfield>
    <subfield code="7">0</subfield>
    <subfield code="9">59636</subfield>
    <subfield code="a">LBB</subfield>
    <subfield code="b">LBB</subfield>
    <subfield code="c">B556</subfield>
    <subfield code="d">2017-08-03</subfield>
    <subfield code="l">1</subfield>
    <subfield code="o">AGR MIL 2015 B556 Or.2</subfield>
    <subfield code="p">A11749</subfield>
    <subfield code="r">2020-08-10</subfield>
    <subfield code="s">2020-07-29</subfield>
    <subfield code="w">2017-08-03</subfield>
    <subfield code="y">AGR</subfield>
  </datafield>
  <datafield tag="952" ind1=" " ind2=" ">
    <subfield code="0">0</subfield>
    <subfield code="1">0</subfield>
    <subfield code="2">ddc</subfield>
    <subfield code="4">0</subfield>
    <subfield code="6">AGR_MIL_2015_000000000000000_B556_OR_3</subfield>
    <subfield code="7">0</subfield>
    <subfield code="9">59637</subfield>
    <subfield code="a">LBB</subfield>
    <subfield code="b">LBB</subfield>
    <subfield code="c">B556</subfield>
    <subfield code="d">2017-08-03</subfield>
    <subfield code="o">AGR MIL 2015 B556 Or.3</subfield>
    <subfield code="p">A11872</subfield>
    <subfield code="r">2017-08-03</subfield>
    <subfield code="w">2017-08-03</subfield>
    <subfield code="y">AGR</subfield>
  </datafield>
  <datafield tag="952" ind1=" " ind2=" ">
    <subfield code="0">0</subfield>
    <subfield code="1">0</subfield>
    <subfield code="2">ddc</subfield>
    <subfield code="4">0</subfield>
    <subfield code="6">AGR_MIL_2015_000000000000000_B556_OR_4</subfield>
    <subfield code="7">0</subfield>
    <subfield code="9">59638</subfield>
    <subfield code="a">LBB</subfield>
    <subfield code="b">LBB</subfield>
    <subfield code="c">B556</subfield>
    <subfield code="d">2017-08-03</subfield>
    <subfield code="o">AGR MIL 2015 B556 Or.4</subfield>
    <subfield code="p">A11951</subfield>
    <subfield code="r">2017-08-03</subfield>
    <subfield code="w">2017-08-03</subfield>
    <subfield code="y">AGR</subfield>
  </datafield>
  <datafield tag="952" ind1=" " ind2=" ">
    <subfield code="0">0</subfield>
    <subfield code="1">0</subfield>
    <subfield code="2">ddc</subfield>
    <subfield code="4">0</subfield>
    <subfield code="6">AGR_MIL_2015_000000000000000_B556_OR_5</subfield>
    <subfield code="7">0</subfield>
    <subfield code="9">59639</subfield>
    <subfield code="a">LBB</subfield>
    <subfield code="b">LBB</subfield>
    <subfield code="c">B556</subfield>
    <subfield code="d">2017-08-03</subfield>
    <subfield code="o">AGR MIL 2015 B556 Or.5</subfield>
    <subfield code="p">A12662</subfield>
    <subfield code="r">2017-08-03</subfield>
    <subfield code="w">2017-08-03</subfield>
    <subfield code="y">AGR</subfield>
  </datafield>
  <datafield tag="952" ind1=" " ind2=" ">
    <subfield code="0">0</subfield>
    <subfield code="1">0</subfield>
    <subfield code="2">ddc</subfield>
    <subfield code="4">0</subfield>
    <subfield code="6">AGR_MIL_2015_000000000000000_B556_OR_1</subfield>
    <subfield code="7">0</subfield>
    <subfield code="9">59640</subfield>
    <subfield code="a">LBB</subfield>
    <subfield code="b">LBB</subfield>
    <subfield code="c">B556</subfield>
    <subfield code="d">2017-08-03</subfield>
    <subfield code="o">AGR MIL 2015 B556 Or.1</subfield>
    <subfield code="r">2017-08-03</subfield>
    <subfield code="w">2017-08-03</subfield>
    <subfield code="y">AGR</subfield>
  </datafield>
  <datafield tag="952" ind1=" " ind2=" ">
    <subfield code="0">0</subfield>
    <subfield code="1">0</subfield>
    <subfield code="2">ddc</subfield>
    <subfield code="4">0</subfield>
    <subfield code="6">AGR_MIL_2015_000000000000000_B556_OR_7</subfield>
    <subfield code="7">0</subfield>
    <subfield code="9">59641</subfield>
    <subfield code="a">LBB</subfield>
    <subfield code="b">LBB</subfield>
    <subfield code="c">B556</subfield>
    <subfield code="d">2017-08-03</subfield>
    <subfield code="o">AGR MIL 2015 B556 Or.7</subfield>
    <subfield code="p">A13082</subfield>
    <subfield code="r">2017-08-03</subfield>
    <subfield code="w">2017-08-03</subfield>
    <subfield code="y">AGR</subfield>
  </datafield>
  <datafield tag="952" ind1=" " ind2=" ">
    <subfield code="0">0</subfield>
    <subfield code="1">0</subfield>
    <subfield code="2">ddc</subfield>
    <subfield code="4">0</subfield>
    <subfield code="6">AGR_MIL_2015_000000000000000_B556_OR_8</subfield>
    <subfield code="7">0</subfield>
    <subfield code="9">59642</subfield>
    <subfield code="a">LBB</subfield>
    <subfield code="b">LBB</subfield>
    <subfield code="c">B556</subfield>
    <subfield code="d">2017-08-03</subfield>
    <subfield code="o">AGR MIL 2015 B556 Or.8</subfield>
    <subfield code="p">A11849</subfield>
    <subfield code="r">2017-08-03</subfield>
    <subfield code="w">2017-08-03</subfield>
    <subfield code="y">AGR</subfield>
  </datafield>
</record>
